[Event "RUS-ch51"]
[Site "St Petersburg"]
[Date "1998.08.02"]
[Round "6"]
[White "Balashov, Yuri S"]
[Black "Tregubov, Pavel V"]
[Result "1-0"]
[WhiteElo "2580"]
[BlackElo "2535"]
[Annotator "Ribli,Z"]
[PlyCount "57"]
[EventDate "1998.07.28"]
[EventType "swiss"]
[EventRounds "11"]
[EventCountry "RUS"]
[SourceTitle "CBM 067"]
[Source "ChessBase"]
[SourceDate "1998.11.30"]
[SourceVersion "2"]
[SourceVersionDate "1998.11.01"]
[SourceQuality "1"]

{[%mdl 200]} 1. e4 {Baburin} c5 2. Nf3 e6 3. d4 cxd4 4. Nxd4 Nc6 5. Nc3 Qc7 6.
Be3 a6 7. Bd3 {Diese Variante ist heutzutage sehr populär. Weiß plant, eine
Angriffsstellung zu errichten. Ribli.} Nf6 8. O-O Nxd4 (8... Ne5 {Dieser Zug
bietet dem Schwarzen meines Erachtens gute Gegenchancen.}) 9. Bxd4 Bc5 {
Schwarz möchte durch Vereinfachungen Ausgleich herbeiführen.} 10. Bxc5 (10.
Bxf6 {Dieser Zug wurde zwischen denselben Spielern auch schon ausprobiert.}
gxf6 11. Qg4) (10. Be2) 10... Qxc5 11. Kh1 (11. Na4 Qc7 12. c4 b6 13. Qe2 Bb7
14. Rac1 d6 15. Qe3 Nd7 16. Rfd1 $14 {[%csl Gd1,Rd6] In dieser Igelstellung
steht Weiß etwas besser, denn der Bauer d6 ist schwach. Schwarz hat aber
Verteidigungschancen.}) 11... d6 (11... b5 $5 {Ich empfehle diesen Zug.
Schwarz kann in einigen Varianten Gegenchancen mit ...b5-b4 erlangen.} 12. Qd2
Bb7 13. Rae1 O-O (13... Qd4 14. f3 h6 15. e5 (15. Nd1 Rc8 16. c3 Qb6) 15... Nd5
16. Nxd5 Bxd5 17. c3 Qc5 18. Be4 Bxe4 $6 (18... Bc6) 19. Rxe4 $16 {1-0
Ivanchuk,V-Ljubojevic,L/Buenos Aires 1994 (37)} (19. Rxe4 {Baburin} Ra7 20.
Rfe1 Ke7 21. Rg4 Rg8 22. Qf4 Qc7 23. Rd1 $14 {Ivanchuk-Ljubojevic, Buenos
Aires 1994.})) 14. f4 e5 $2 (14... b4 15. Na4 Qd4 16. e5 Ne4 17. Qe2 f5 18.
exf6 Nxf6 $11) 15. fxe5 Ng4 16. Nd5 $1 {1-0 Golubev,M-Tunik,G/Yalta 1995 (80)})
12. f4 e5 13. Qe1 $1 {[%cal Ge1g3,Ge1h4] '!?' Baburin. Baburin: 'This is a new
idea.' Die Dame macht sich auf den Weg zum Königsflügel.} (13. Qd2 Be6 14. b4
Qc7 15. a4 {'?!' Baburin.} Rc8 16. Ra3 exf4 17. Rxf4 Nd7 18. Ne2 Ne5 {Baburin:
'Suttles-Fuster, CAN-ch 1963.'} 19. Nd4 O-O {0-1 Suttles,D-Fuster,G/CAN-ch
1963 (47)}) (13. f5 b5 14. g4 h6 15. a3 Bb7 16. Qe2 d5 {'|^' Baburin. Baburin:
'Schneuwly-Gheorghiu, Ticino 1992.'} 17. h3 dxe4 18. Nxe4 Qd4 19. Rfe1 Qxb2 20.
Kh2 Bxe4 21. Bxe4 Rc8 22. Rab1 Qxa3 23. Bc6+ Rxc6 24. Qxe5+ Kd7 25. Rxb5 axb5
26. Qxb5 {0-1 Schneuwly,A-Gheorghiu,F/Ticino op 1992 (26)}) 13... O-O 14. Qh4
exf4 ({Also possible was} 14... b5 {Baburin Then White would probably continue}
15. fxe5 Qxe5 (15... dxe5 $4 16. Rxf6 gxf6 17. Nd5 $18) 16. a4 bxa4 (16... b4
17. Nd5) 17. Rxa4) 15. Nd5 $5 {'!' Baburin. Baburin: 'White cuts off the enemy
queen from the kingside.'} (15. Rxf4 $2 g5 16. Qh6 gxf4 17. Qxf6 (17. Nd5 {
Ein schöner, aber nicht ausreichender Zug.} Nxd5 18. e5 (18. exd5 f5 $19) 18...
f5 $19) 17... Qe5 $17 {Baburin: 'Black would be fine.'}) (15. Qxf4 Be6) 15...
Nxd5 16. exd5 $14 {[%csl Rg8][%cal Rh4h7,Rd3h7] Weiß verfügt über die bessere
Figurenkoordination und Angriffschancen am Königsflügel.} g6 {'?!' Baburin.
Baburin: 'This move weakens the dark squares around Black's king.'} (16... f5
17. Rxf4 g6 {Baburin: 'Black has sufficient counter-play.'} (17... b5 {Baburin
Black has sufficient counter-play.}) 18. Re1 $14 {[%csl Gd3,Ge1,Gf4,Rg8,Gh4]
[%cal Ge1e7]}) 17. Rxf4 {Baburin: 'Now the prospects of attack along the
h-file are quite real, which forces Black to accept the offered d5-pawn. Alas,
this opens up a nice diagonal for White's bishop.'} Qxd5 {Schwarz nimmt den
Bauern an. Weiß hat in jedem Fall Königsangriff.} (17... f5 18. Re1 $14) 18.
Bc4 Qa5 {Die Alternative 18...Qe5 führt zu ähnlichem Spiel, wie in der Partie
nach 18...Qa5 19.b4 Qe5.} 19. b4 {'!' Baburin.} (19. Bxf7+ Rxf7 20. Rxf7 Kxf7
21. Qxh7+ Ke8 (21... Kf6 22. Qh8+ $13 (22. Rf1+ Bf5)) 22. Qxg6+ Kd7 $13) 19...
Qe5 {'?' Baburin. Baburin: 'This slip leads to a bad position..'} (19... Qc7 $5
{So bieten sich meines Erachtens dem Schwarzen Verteidigungschancen.} 20. Qh6 (
20. Raf1 Be6 21. Bxe6 fxe6) 20... Bf5 21. Rh4 (21. Rxf5 $2 Qxc4 $17 (21... gxf5
22. Qg5+ Kh8 23. Qf6+ $11)) 21... g5 22. Qxg5+ Bg6 23. Rf1 $14) (19... Qxb4 $2
20. Bxf7+ $18) ({Better was} 19... Qb6 {Baburin} {as after} 20. Raf1 (20. Qh6
Qe3 $1) 20... d5 21. Bxd5 Be6 22. Rf6 Qc7 23. Bxe6 fxe6 24. Qe4 {Black is
still holding on.}) {[#]} 20. Bxf7+ $1 {Baburin: 'This is yet another example
of the vulnerability of the f7-square.'} Kh8 (20... Rxf7 $2 21. Qd8+ Kg7 22.
Rxf7+ Kxf7 23. Rf1+ Bf5 (23... Kg7 24. Qf8#) 24. Qxa8 $16 {'+-' Baburin.}) 21.
Re1 g5 $8 (21... Qc3 22. Rf3 Qg7 (22... Qb2 23. Bxg6 (23. c3 $18 {[%csl Rb2,
Rh8][%cal Rh4f6,Rf6h8] Die schwarze Dame ist ausgesperrt.})) 23. Bxg6 Rxf3 24.
Re8+ Rf8 25. Rxf8+ Qxf8 26. Qxh7#) 22. Rxe5 gxh4 23. Re7 $16 {[%csl Ge7,Gf4,
Gf7,Rh8] Baburin: 'The endgame is winning for White.' Das Material ist
ausgeglichen, aber die weiße Stellung überzeugt wegen der enormen
Figurenaktivität.} b5 24. Kg1 (24. h3) 24... h3 25. g4 Rb8 26. g5 $1 {Dieser
Bauer unterstützt den weißen Angriff.} d5 (26... Rb7 27. Bd5 Rxe7 (27... Rxf4
28. Re8+ Kg7 29. Rg8#) 28. Rxf8+ Kg7 29. Rg8#) 27. c3 (27. Bxd5 Rxf4 28. Re8+
Kg7 29. Rg8#) 27... h6 28. g6 Rb7 29. Bxd5 {Und Schwarz gab seine völlig
hoffnungslose Stellung auf.} (29. Bxd5 Rxe7 (29... Rxf4 30. g7+ Kh7 31. g8=Q#)
30. Rxf8+ Kg7 31. Rxc8 $18) 1-0

[Event "RUS-Cup final"]
[Site "Samara"]
[Date "1998.09.02"]
[Round "5"]
[White "Dvoirys, Semen I"]
[Black "Balashov, Yuri S"]
[Result "0-1"]
[WhiteElo "2585"]
[BlackElo "2580"]
[PlyCount "148"]
[EventDate "1998.08.??"]
[EventType "tourn"]
[EventRounds "11"]
[EventCountry "RUS"]
[SourceTitle "CBM 067"]
[Source "ChessBase"]
[SourceDate "1998.11.30"]
[SourceVersion "2"]
[SourceVersionDate "1998.11.01"]
[SourceQuality "1"]

1. e4 e5 2. Nf3 Nc6 3. Bb5 a6 4. Ba4 Nf6 5. O-O Be7 6. d3 b5 7. Bb3 O-O 8. a4
Bb7 9. Nc3 b4 10. Nd5 Nxd5 11. Bxd5 d6 12. Bd2 a5 13. c3 bxc3 14. Bxc3 Qb8 15.
d4 Nxd4 16. Nxd4 exd4 17. Bxd4 Bxd5 18. exd5 Qd8 19. Qc2 Bf6 20. Rad1 Re8 21.
Be3 Be5 22. b3 Qh4 23. h3 Reb8 24. Rd3 Rb7 25. Bd2 g6 26. Re1 h5 27. Re2 Kg7
28. f4 Ba1 29. Re1 Qf6 30. Kh2 Kh7 31. Qc4 Bb2 32. Re2 Rbb8 33. Qxc7 Re8 34.
Rxe8 Rxe8 35. Rf3 Qf5 36. Bxa5 Qxd5 37. Qc2 Bd4 38. Bc3 Be3 39. Bb2 Re4 40. Qc3
Bd4 41. Qc2 Re1 42. Bxd4 Qxd4 43. Kg3 Qf6 44. Qc3 Qe7 45. Qd4 Re2 46. Kh2 h4
47. a5 Ra2 48. Qd5 Ra1 49. f5 g5 50. f6 Qa7 51. Qd3+ Kh6 52. Re3 d5 53. g3 Qc7
54. Qc3 hxg3+ 55. Rxg3 Ra2+ 56. Kg1 Qxc3 57. Rxc3 Rxa5 58. Kg2 Kg6 59. Rf3 Ra6
60. Rd3 Rd6 61. b4 Kxf6 62. b5 Ke5 63. Rb3 Rb6 64. Rb4 Kd6 65. Rb1 Kc5 66. Rf1
f6 67. Kf3 Rxb5 68. Kg4 Rb4+ 69. Kf5 Rf4+ 70. Rxf4 gxf4 71. Kxf4 Kd6 72. h4 Ke6
73. Ke3 f5 74. h5 Kf6 0-1

[Event "Chigorin Memorial 06th"]
[Site "St Petersburg"]
[Date "1998.10.31"]
[Round "1"]
[White "Balashov, Yuri S"]
[Black "Belov, Vladimir"]
[Result "1-0"]
[WhiteElo "2580"]
[BlackElo "2355"]
[PlyCount "71"]
[EventDate "1998.10.31"]
[EventType "swiss"]
[EventRounds "9"]
[EventCountry "RUS"]
[SourceTitle "CBM 067 Extra"]
[Source "ChessBase"]
[SourceDate "1999.01.01"]
[SourceVersion "1"]
[SourceVersionDate "1999.01.01"]
[SourceQuality "1"]

1. d4 Nf6 2. Nf3 g6 3. Nc3 d5 4. Bf4 Bg7 5. e3 O-O 6. Be2 b6 7. Ne5 Bb7 8. h4
h6 9. h5 g5 10. Bg3 c5 11. f4 gxf4 12. Bxf4 Nbd7 13. O-O Nxe5 14. Bxe5 Nh7 15.
Bxg7 Kxg7 16. Qe1 Ng5 17. Qg3 Qb8 18. Rf4 Qd6 19. Raf1 Rae8 20. Nb5 Qb8 21. c4
e5 22. Rf6 exd4 23. Nd6 Rxe3 24. Rxf7+ Rxf7 25. Nf5+ Rxf5 26. Qxb8 Rxf1+ 27.
Bxf1 Re7 28. Qd6 Rf7 29. cxd5 Rf6 30. Qe7+ Rf7 31. Qe5+ Rf6 32. Bc4 Nf7 33.
Qg3+ Ng5 34. d6 Bc6 35. d7 Bxd7 36. Qc7 1-0

[Event "Chigorin Memorial 06th"]
[Site "St Petersburg"]
[Date "1998.11.03"]
[Round "4"]
[White "Sotsky, Alexander"]
[Black "Balashov, Yuri S"]
[Result "0-1"]
[WhiteElo "2425"]
[BlackElo "2580"]
[PlyCount "76"]
[EventDate "1998.10.31"]
[EventType "swiss"]
[EventRounds "9"]
[EventCountry "RUS"]
[SourceTitle "CBM 067 Extra"]
[Source "ChessBase"]
[SourceDate "1999.01.01"]
[SourceVersion "1"]
[SourceVersionDate "1999.01.01"]
[SourceQuality "1"]

1. d4 Nf6 2. Nf3 g6 3. Nc3 Bg7 4. e4 d6 5. h3 O-O 6. Be3 a6 7. a4 b6 8. Qd2 Bb7
9. Bd3 Nbd7 10. Bh6 e5 11. Bxg7 Kxg7 12. O-O Re8 13. Rfe1 Nh5 14. dxe5 Nxe5 15.
Be2 Nf6 16. Qf4 Qe7 17. Rad1 Nxf3+ 18. Bxf3 Qe5 19. Qxe5 Rxe5 20. Re3 Rae8 21.
Rde1 g5 22. g3 h5 23. Bg2 g4 24. hxg4 hxg4 25. R3e2 Nh7 26. Re3 Ng5 27. Nd5
Bxd5 28. exd5 Rxe3 29. fxe3 Ne4 30. Bxe4 Rxe4 31. b3 Re5 32. c4 Rf5 33. Rf1 Kf6
34. b4 Rxf1+ 35. Kxf1 Ke5 36. Ke2 Ke4 37. Kd2 Kf3 38. c5 Kxg3 0-1

[Event "Boeblingen op 15th"]
[Site "Boeblingen"]
[Date "1998.??.??"]
[Round "?"]
[White "Balashov, Yuri S"]
[Black "Lomineishvili, Maia"]
[Result "1-0"]
[WhiteElo "2580"]
[BlackElo "2350"]
[PlyCount "79"]
[EventDate "1998.12.26"]
[EventType "swiss"]
[EventRounds "9"]
[EventCountry "GER"]
[SourceTitle "EXT 2001"]
[Source "ChessBase"]
[SourceDate "2000.11.22"]
[SourceVersion "1"]
[SourceVersionDate "2000.11.22"]
[SourceQuality "1"]

1. d4 Nf6 2. c4 g6 3. Nc3 Bg7 4. e4 d6 5. f3 O-O 6. Nge2 e5 7. Bg5 c6 8. d5
cxd5 9. cxd5 Nbd7 10. Qd2 a6 11. g4 b5 12. Ng3 b4 13. Nd1 Qb6 14. Be3 Qa5 15.
Nf2 Nc5 16. Bc4 Nfd7 17. O-O Rb8 18. b3 Qd8 19. Rac1 a5 20. Kg2 a4 21. Nd3 Qa5
22. Nxc5 Nxc5 23. h4 Bd7 24. h5 Bb5 25. Bxc5 dxc5 26. hxg6 fxg6 27. d6+ Bxc4
28. Rxc4 axb3 29. axb3 Kh8 30. Rfc1 Qa3 31. Qd3 Qa6 32. Rd1 Qb6 33. Qd5 Ra8 34.
Rxc5 Ra2+ 35. Kh3 Qd8 36. Rd2 Ra8 37. d7 Rb8 38. Rdc2 Bf6 39. Rc8 Qb6 40. R2c6
1-0

[Event "Boeblingen op 15th"]
[Site "Boeblingen"]
[Date "1998.??.??"]
[Round "?"]
[White "Balashov, Yuri S"]
[Black "Mueller, Matthias Michael"]
[Result "1-0"]
[WhiteElo "2580"]
[BlackElo "2325"]
[PlyCount "71"]
[EventDate "1998.12.26"]
[EventType "swiss"]
[EventRounds "9"]
[EventCountry "GER"]
[SourceTitle "EXT 2001"]
[Source "ChessBase"]
[SourceDate "2000.11.22"]
[SourceVersion "1"]
[SourceVersionDate "2000.11.22"]
[SourceQuality "1"]

1. e4 c5 2. Nf3 d6 3. Nc3 Nf6 4. d4 cxd4 5. Nxd4 g6 6. g3 Nc6 7. Bg2 Bg4 8.
Nde2 Qc8 9. h3 Bd7 10. Nf4 Bg7 11. O-O O-O 12. Kh2 Re8 13. Re1 Ne5 14. a4 h6
15. Nd3 Nxd3 16. cxd3 e5 17. Be3 a6 18. a5 Qd8 19. Qd2 Kh7 20. d4 Qe7 21. f4
exd4 22. Bxd4 Bc6 23. Rad1 Rad8 24. Re3 Qf8 25. Rde1 Qh8 26. Rd3 Qf8 27. g4 Qh8
28. Bb6 Rd7 29. Rxd6 g5 30. e5 Rxd6 31. Qxd6 gxf4 32. Bxc6 bxc6 33. exf6 Rxe1
34. fxg7 Qxg7 35. Qxf4 Kg8 36. Bd4 1-0

[Event "RUS-Cup"]
[Site "Moscow"]
[Date "2000.??.??"]
[Round "1"]
[White "Balashov, Yuri S"]
[Black "Volodin, Alexey"]
[Result "1-0"]
[WhiteElo "2534"]
[BlackElo "2344"]
[PlyCount "55"]
[EventDate "2000.??.??"]
[EventType "swiss"]
[EventRounds "9"]
[EventCountry "RUS"]
[SourceTitle "EXT 2001"]
[Source "ChessBase"]
[SourceDate "2000.11.22"]
[SourceVersion "1"]
[SourceVersionDate "2000.11.22"]
[SourceQuality "1"]

1. c4 f5 2. g3 Nf6 3. Bg2 g6 4. Nc3 Bg7 5. f4 O-O 6. Nf3 c5 7. d3 Nc6 8. e4 d6
9. O-O Be6 10. exf5 Bxf5 11. h3 Bd7 12. g4 Qb6 13. Qe1 Rae8 14. Qh4 Nd4 15. f5
Bc6 16. fxg6 hxg6 17. Ng5 Bxg2 18. Kxg2 e6 19. Rf2 Qc7 20. Be3 Nc6 21. Raf1 Ne5
22. Nce4 Ned7 23. Bf4 e5 24. Bd2 Re7 25. Kg1 Bh8 26. Qh6 Qd8 27. Qxg6+ Rg7 28.
Qh6 1-0

[Event "RUS-Cup"]
[Site "Moscow"]
[Date "2000.??.??"]
[Round "2"]
[White "Deviatkin, Andrei"]
[Black "Balashov, Yuri S"]
[Result "0-1"]
[WhiteElo "2410"]
[BlackElo "2534"]
[PlyCount "106"]
[EventDate "2000.??.??"]
[EventType "swiss"]
[EventRounds "9"]
[EventCountry "RUS"]
[SourceTitle "EXT 2001"]
[Source "ChessBase"]
[SourceDate "2000.11.22"]
[SourceVersion "1"]
[SourceVersionDate "2000.11.22"]
[SourceQuality "1"]

1. e4 d6 2. d4 Nf6 3. Nc3 g6 4. Nf3 Bg7 5. Be2 O-O 6. O-O Nc6 7. Be3 e5 8. dxe5
dxe5 9. Qxd8 Rxd8 10. Rfd1 Bg4 11. Rxd8+ Rxd8 12. Rd1 Rxd1+ 13. Bxd1 a6 14. Kf1
h6 15. Be2 Be6 16. Bc5 Bf8 17. Bxf8 Kxf8 18. a3 Ke7 19. Nd2 Nd4 20. Bd3 c5 21.
Nd1 b5 22. c3 Nc6 23. b4 c4 24. Bc2 Ne8 25. a4 Nd6 26. a5 f5 27. f3 f4 28. Kf2
h5 29. g3 g5 30. Kg2 Kf6 31. Nf2 Nf7 32. g4 h4 33. h3 Nfd8 34. Nb1 Ke7 35. Kf1
Kd6 36. Ke1 Nxb4 37. cxb4 Nc6 38. Nc3 Nxb4 39. Bb1 Nc6 40. Nd5 Nxa5 41. Nd1 Nc6
42. N1c3 b4 43. Na4 Bxd5 44. exd5 Kxd5 45. Be4+ Kd6 46. Kd2 Nd4 47. Nb6 c3+ 48.
Kd3 c2 49. Kd2 b3 50. Nc4+ Ke6 51. Nb2 Ne2 52. Nd3 Kd6 53. Bg6 a5 0-1

[Event "RUS-Cup"]
[Site "Moscow"]
[Date "2000.??.??"]
[Round "7"]
[White "Balashov, Yuri S"]
[Black "Kiselev, Sergey"]
[Result "1-0"]
[WhiteElo "2534"]
[BlackElo "2488"]
[PlyCount "59"]
[EventDate "2000.??.??"]
[EventType "swiss"]
[EventRounds "9"]
[EventCountry "RUS"]
[SourceTitle "EXT 2001"]
[Source "ChessBase"]
[SourceDate "2000.11.22"]
[SourceVersion "1"]
[SourceVersionDate "2000.11.22"]
[SourceQuality "1"]

1. e4 c5 2. Nf3 Nc6 3. d4 cxd4 4. Nxd4 Nf6 5. Nc3 d6 6. Bg5 e6 7. Qd2 a6 8.
O-O-O h6 9. Nxc6 bxc6 10. Bf4 d5 11. Qe3 Qa5 12. Be2 Qc5 13. Qg3 d4 14. Na4 Qb4
15. Qb3 Qxb3 16. axb3 Nd7 17. Rxd4 e5 18. Rxd7 Bxd7 19. Bxe5 Be6 20. Rd1 Be7
21. Bd6 a5 22. e5 h5 23. Bf3 Kf8 24. Bxc6 Rd8 25. c4 Rh6 26. c5 Bxb3 27. Rd3
Bc4 28. Rd4 Ba6 29. Nb6 Bxd6 30. exd6 1-0

[Event "RUS-Cup"]
[Site "Moscow"]
[Date "2000.??.??"]
[Round "9"]
[White "Balashov, Yuri S"]
[Black "Zakharevich, Igor"]
[Result "1-0"]
[WhiteElo "2534"]
[BlackElo "2486"]
[PlyCount "65"]
[EventDate "2000.??.??"]
[EventType "swiss"]
[EventRounds "9"]
[EventCountry "RUS"]
[SourceTitle "EXT 2001"]
[Source "ChessBase"]
[SourceDate "2000.11.22"]
[SourceVersion "1"]
[SourceVersionDate "2000.11.22"]
[SourceQuality "1"]

1. e4 e6 2. d4 d5 3. Nc3 dxe4 4. Nxe4 Nd7 5. Nf3 Ngf6 6. Nxf6+ Nxf6 7. Ne5 Nd7
8. Bf4 Nxe5 9. Bxe5 Bd7 10. Qh5 Bc6 11. O-O-O Qd7 12. Be2 Bd5 13. c4 Qc6 14.
Kb1 Bxc4 15. Bxc4 Qxc4 16. d5 Qe4+ 17. Ka1 Qf5 18. Qh4 f6 19. Qa4+ Kf7 20. g4
Qxe5 21. Rhe1 b5 22. Qxb5 Qg5 23. h4 Qxg4 24. dxe6+ Kg8 25. e7 h5 26. Qd5+ Kh7
27. Rg1 Qc8 28. Qxh5+ Kg8 29. Qd5+ Kh7 30. Qe4+ Kg8 31. Qxa8 Qxa8 32. Rd8 Kh7
33. e8=Q 1-0

[Event "RUS-Cup"]
[Site "Bor"]
[Date "2000.??.??"]
[Round "4"]
[White "Pres, Grigorij"]
[Black "Balashov, Yuri S"]
[Result "0-1"]
[WhiteElo "2356"]
[BlackElo "2534"]
[PlyCount "46"]
[EventDate "2000.06.??"]
[EventType "swiss"]
[EventRounds "9"]
[EventCountry "RUS"]
[SourceTitle "EXT 2001"]
[Source "ChessBase"]
[SourceDate "2000.11.22"]
[SourceVersion "1"]
[SourceVersionDate "2000.11.22"]
[SourceQuality "1"]

1. d4 Nf6 2. c4 e6 3. Nc3 Bb4 4. e3 O-O 5. Nge2 d5 6. a3 Be7 7. cxd5 Nxd5 8.
Nxd5 exd5 9. Nf4 c6 10. Bd3 Nd7 11. O-O Re8 12. Bd2 Bd6 13. Qf3 Nf6 14. h3 Ne4
15. Rad1 Qf6 16. Bc1 Bd7 17. Rfe1 Rad8 18. Be2 Ng5 19. Qg3 Qh6 20. h4 Ne4 21.
Qh2 g5 22. f3 gxf4 23. fxe4 f3 0-1

[Event "RUS-Cup"]
[Site "Bor"]
[Date "2000.??.??"]
[Round "5"]
[White "Balashov, Yuri S"]
[Black "Sargissian, Gabriel"]
[Result "1-0"]
[WhiteElo "2534"]
[BlackElo "2442"]
[PlyCount "73"]
[EventDate "2000.06.??"]
[EventType "swiss"]
[EventRounds "9"]
[EventCountry "RUS"]
[SourceTitle "EXT 2001"]
[Source "ChessBase"]
[SourceDate "2000.11.22"]
[SourceVersion "1"]
[SourceVersionDate "2000.11.22"]
[SourceQuality "1"]

1. e4 c5 2. Nf3 d6 3. Nc3 Nf6 4. d4 cxd4 5. Nxd4 Nc6 6. Bg5 e6 7. Qd2 a6 8.
O-O-O h6 9. Nxc6 bxc6 10. Bf4 d5 11. Qe3 Be7 12. Be2 O-O 13. h4 Qa5 14. e5 Ne8
15. Rh3 Rb8 16. Bxh6 d4 17. Rxd4 Bc5 18. Rg3 Bxd4 19. Qxd4 Qb4 20. Qxb4 Rxb4
21. Be3 Rxh4 22. Bc5 Nc7 23. Bxf8 Kxf8 24. Rh3 Rxh3 25. gxh3 Nd5 26. Nxd5 exd5
27. Bg4 Bxg4 28. hxg4 Ke7 29. Kd2 Ke6 30. f4 g5 31. Ke3 c5 32. c3 a5 33. b3
gxf4+ 34. Kxf4 Kd7 35. a3 Kc7 36. g5 Kd7 37. b4 1-0

[Event "RUS-Cup"]
[Site "Bor"]
[Date "2000.??.??"]
[Round "6"]
[White "Timofeev, Artyom"]
[Black "Balashov, Yuri S"]
[Result "0-1"]
[WhiteElo "2425"]
[BlackElo "2534"]
[PlyCount "94"]
[EventDate "2000.06.??"]
[EventType "swiss"]
[EventRounds "9"]
[EventCountry "RUS"]
[SourceTitle "EXT 2001"]
[Source "ChessBase"]
[SourceDate "2000.11.22"]
[SourceVersion "1"]
[SourceVersionDate "2000.11.22"]
[SourceQuality "1"]

1. e4 e5 2. Nf3 Nc6 3. Bb5 a6 4. Ba4 Nf6 5. O-O Be7 6. Re1 b5 7. Bb3 d6 8. c3
O-O 9. h3 Na5 10. Bc2 c5 11. d4 Bb7 12. Nbd2 cxd4 13. cxd4 Nc6 14. a3 exd4 15.
Nb3 Re8 16. Nbxd4 Bf8 17. Nf5 Rc8 18. Bd2 Ne5 19. Bc3 g6 20. Ng3 Nfd7 21. Nf1
Bg7 22. Nxe5 Bxe5 23. Bxe5 dxe5 24. Bb3 Nc5 25. Bd5 Bxd5 26. exd5 e4 27. b4 Nd3
28. Rxe4 Rxe4 29. Qxd3 Rec4 30. Ne3 Rc1+ 31. Rxc1 Rxc1+ 32. Kh2 Qd6+ 33. g3 Qf6
34. Kg2 h5 35. h4 Qe5 36. Kh2 Kf8 37. Kg2 Rc3 38. Qd2 Qe4+ 39. Kh2 Qd3 40. Qb2
Kg8 41. Kg1 Qd4 42. Kh2 Rd3 43. Qe2 Rd2 44. Qe1 Ra2 45. Kg2 Ra1 46. Qe2 Qe4+
47. f3 Qb1 0-1

[Event "RUS-ch 53rd"]
[Site "Samara"]
[Date "2000.06.19"]
[Round "3"]
[White "Balashov, Yuri S"]
[Black "Jakovenko, Dmitrij"]
[Result "1-0"]
[WhiteElo "2534"]
[BlackElo "2443"]
[PlyCount "117"]
[EventDate "2000.06.03"]
[EventType "swiss"]
[EventRounds "11"]
[EventCountry "RUS"]
[SourceTitle "CBM 078"]
[Source "ChessBase"]
[SourceDate "2000.10.18"]
[SourceVersion "1"]
[SourceVersionDate "2000.10.18"]
[SourceQuality "1"]

1. c4 Nf6 2. Nc3 e6 3. d4 Bb4 4. e3 b6 5. Nge2 c5 6. a3 Ba5 7. Rb1 Qe7 8. Bd2
Na6 9. f3 O-O 10. d5 exd5 11. Nxd5 Nxd5 12. cxd5 Bxd2+ 13. Qxd2 d6 14. Nc3 Bb7
15. Bxa6 Bxa6 16. h4 b5 17. Kf2 Rac8 18. g3 b4 19. axb4 cxb4 20. Na2 Bb7 21.
Nxb4 a5 22. Nc6 Bxc6 23. dxc6 Rxc6 24. Rhc1 Rxc1 25. Rxc1 Rb8 26. Rc6 h6 27. b3
d5 28. Qxd5 a4 29. bxa4 Rb2+ 30. Kf1 Qb7 31. Rd6 Qc7 32. Qc6 Qe7 33. Qc8+ Kh7
34. Qf5+ g6 35. Qd7 Qf8 36. h5 gxh5 37. Qf5+ Kg8 38. Qf6 Rb1+ 39. Kg2 Rb2+ 40.
Qxb2 Qxd6 41. a5 Qa6 42. Qa2 Kg7 43. Kf2 Qd6 44. a6 h4 45. f4 hxg3+ 46. Kxg3
Qg6+ 47. Kf2 Qh5 48. Qa1+ Kg8 49. a7 Qh2+ 50. Kf3 Qh3+ 51. Ke4 Qe6+ 52. Kd3
Qd5+ 53. Qd4 Qa5 54. Ke4 Kh7 55. Kf3 Qh5+ 56. Kg3 Qg6+ 57. Kf2 Qc6 58. Qa1 Qa8
59. Qb1+ 1-0

[Event "RUS Cup final 4th"]
[Site "Elista"]
[Date "2000.08.28"]
[Round "9"]
[White "Balashov, Yuri S"]
[Black "Bocharov, Dmitry"]
[Result "1-0"]
[WhiteElo "2575"]
[BlackElo "2438"]
[PlyCount "133"]
[EventDate "2000.08.19"]
[EventType "tourn"]
[EventRounds "11"]
[EventCountry "RUS"]
[EventCategory "12"]
[SourceTitle "CBM 079"]
[Source "ChessBase"]
[SourceDate "2000.11.21"]
[SourceVersion "1"]
[SourceVersionDate "2000.11.21"]
[SourceQuality "1"]

1. e4 c5 2. Nf3 e6 3. b3 d6 4. Bb2 Nf6 5. Qe2 Nc6 6. g3 Be7 7. Bg2 O-O 8. O-O
e5 9. c3 Bg4 10. h3 Bh5 11. d3 d5 12. exd5 Nxd5 13. Nbd2 Re8 14. Rfe1 Bf8 15.
a3 Qc7 16. Qd1 Rad8 17. Qc2 Rd7 18. b4 f6 19. b5 Nd8 20. a4 Ne6 21. a5 Qd8 22.
Qb3 Bf7 23. Bf1 Nec7 24. Qa4 Ne6 25. Nh4 Qc7 26. Ne4 b6 27. a6 Qd8 28. Rad1 g6
29. Nf3 Bg7 30. Ned2 Ndc7 31. c4 h6 32. Ne4 Kh7 33. Qc2 Rde7 34. h4 h5 35. Bh3
Nf8 36. Nh2 Be6 37. Bg2 Rd7 38. Rf1 Bf5 39. Rfe1 Nfe6 40. Nf1 Nd4 41. Bxd4 Rxd4
42. Ne3 Bc8 43. Nc3 Rd6 44. Ne4 Rd7 45. Bh3 Ne6 46. Bxe6 Rxe6 47. f4 exf4 48.
gxf4 Bh6 49. Ng2 Kg7 50. Nc3 Rde7 51. Re4 f5 52. Rxe6 Bxe6 53. d4 cxd4 54. Nd5
Bxd5 55. Rxd4 Qc7 56. Rxd5 Bxf4 57. Qd3 Kh6 58. Kf2 Re4 59. Qc3 Be5 60. Qd2+
Bf4 61. Qc3 Re8 62. Kf3 Be5 63. Qe3+ Kh7 64. Nf4 Re7 65. c5 Bf6 66. Qg1 g5 67.
hxg5 1-0

[Event "BL2-West 0001"]
[Site "Germany"]
[Date "2001.02.18"]
[Round "6.1"]
[White "Balashov, Yuri S"]
[Black "Cuijpers, Frans Andre"]
[Result "1-0"]
[WhiteElo "2575"]
[BlackElo "2485"]
[PlyCount "107"]
[EventDate "2000.10.15"]
[EventType "team-tourn"]
[EventRounds "9"]
[EventCountry "GER"]
[SourceTitle "CBM 082 Extra"]
[Source "ChessBase"]
[SourceDate "2001.07.03"]
[SourceVersion "1"]
[SourceVersionDate "2001.07.03"]
[SourceQuality "1"]
[WhiteTeam "Plettenberg"]
[BlackTeam "Muenster"]
[WhiteTeamCountry "GER"]
[BlackTeamCountry "GER"]

1. e4 d6 2. d4 Nf6 3. Bd3 e5 4. c3 d5 5. dxe5 Nxe4 6. Nf3 Nc6 7. Nbd2 Nc5 8.
Bb5 Bd7 9. Qe2 a6 10. Bxc6 Bxc6 11. Nd4 Bd7 12. O-O Ne6 13. Rd1 Nxd4 14. cxd4
Be7 15. Nf1 O-O 16. Ng3 Be6 17. Be3 Qd7 18. Rac1 Rae8 19. Qd2 c6 20. Bg5 Bxg5
21. Qxg5 f6 22. exf6 Rxf6 23. Re1 Bf7 24. Rxe8+ Qxe8 25. Qd2 Bg6 26. Re1 Re6
27. Rxe6 Qxe6 28. b4 b6 29. f3 h6 30. Ne2 Qf6 31. Nc3 Qd6 32. Na4 Qd8 33. Qe2
Be8 34. Nc3 a5 35. bxa5 bxa5 36. Na4 Kh7 37. Nc5 Bg6 38. Qe5 Bf7 39. a4 Bg6 40.
Qxg7+ Kxg7 41. Ne6+ Kf6 42. Nxd8 c5 43. dxc5 Bc2 44. Nc6 Bxa4 45. Nxa5 Ke5 46.
Kf2 Kd4 47. c6 Kc3 48. c7 Bd7 49. Nb7 d4 50. Nd6 d3 51. Ke3 h5 52. g3 Kc2 53.
Ne4 Bc8 54. h3 1-0